1368 1151 1873 1147 1121 1834 1526 1719 1525 1310 1815 1001 1922 1496 1982 1145 1201 1278 1430 1687 1038 1838 1159 1306 1140 1064 1356 1509 1835 1851 1472 1166 1292 1747 1871 1273 1956 1473 1668 1801 1395 1764 1932 1027 1278 1582 1874 1423 1192 1888 1605 1972 1272 1676 1224 1750 1341 1369 1786 1038 1275 1815 1368 1314 1408 1624 1363 1574 1040 1576 1727 1884 1839 1341 1650 1689 2000 1073 1742 1929 1589 1163 1147 1588 1988 1452 1489 1783 1588 1953 1502 1162 1145 1870 1623 1037 1350 1164 1939 BCNSPRNW ULIB Ver.6.0+V

เปลี่ยนเป็นภาษาไทย

Change to English
 แสดงรายละเอียดบรรณานุกรม
  กลับหน้าหลัก

Brief Record : Get Marc (ISO 2709) : E-mail record : QR code < ปิดหน้าต่าง
LEADER : 00000nam 2200000uu 4500
001    13399120603
003     ULIB
008    120928s2552||||th 000 0 tha d
020    ^a9741105452
060 04 ^aWY152^bพ587ก ล.2
100    ^aพัสมณฑ์ คุ้มทวีพร
245 10 ^aการพยาบาลผู้ใหญ่และผู้สูงอายุ 2 /^cพัสมณฑ์ คุ้มทวีพร
250    ^aพิมพ์ครั้งที่ 2
260    ^aกรุงเทพฯ :^bโรงพิมพ์ฮายานุสะ กราฟฟิก, ^c2552
300    ^a328 หน้า :^bภาพประกอบ ;^c26 ซม.
650  7 ^aการพยาบาล^xในวัยชรา
650  7 ^aการพยาบาล^xในวัยผู้ใหญ่
650  7 ^aการพยาบาลผู้สูงอายุ
650  7 ^aผู้สูงอายุ^xการดูแล
945    ^p300^l0^i16982
945    ^p300^l0^i16983
995    ^aวิภา
999 ^a ใช้งานได้ทุกระบบ
รายการนี้ยังไม่มีแท็ก
คุณยังไม่ได้ล็อกอิน คุณสามารถมีกิจกรรมร่วมกับเว็บไซต์ได้ แต่ต้องล็อกอินก่อน ::
  ล็อกอิน

รายการสื่อสารสนเทศ

ลำดับที่ ประเภท เลขเรียก/บาร์โค้ด สถานที่ สถานะ
- ไม่พบข้อมูล -

รายการใกล้เคียง
    ผู้แต่ง [พัสมณฑ์ คุ้มทวีพร]

    หัวเรื่อง [การพยาบาลผู้สูงอายุ]
    หัวเรื่อง [ผู้สูงอายุ การดูแล]

BibComment


ยังไม่เคยถูกคอมเมนท์

คอมเมนท์ทรัพยากรรายการนี้
  คอมเมนท์: การพยาบาลผู้ใหญ่..


 Copyright 2026. Bcnsprnw @Library